MARC

LEADER 00000nam0a2200000 4500
001 39704
005 20260529134217.0
010 |a 5235023919 
035 |a (RuTPU)RU\TPU\book\40577 
090 |a 39704 
100 |a 20020411d2000 m y0rusy50 ca 
101 0 |a rus 
102 |a RU 
105 |a с z 001ab 
200 1 |a Деникин  |f Г. Ипполитов 
210 |a Москва  |c Молодая гвардия  |d 2000 
215 |a 531 с.  |c порт. 
225 1 |a Жизнь замечательных людей  |v Вып. 790 
320 |a Библиогр.: с. 522-529 
600 1 |a Деникин  |g Антон Иванович  |c российский военный деятель  |c военный писатель  |f 1872 - 1947  |b А. И.  |2 stltpui  |3 (RuTPU)RU\TPU\pers\1132 
606 |a Белое движение  |9 82430 
610 1 |a история 
610 1 |a Россия 
610 1 |a 20 век 
610 1 |a 19 век 
610 1 |a военачальники 
610 1 |a военная история 
610 1 |a Первая мировая война 
610 1 |a Гражданская война 1918-1921 
686 |a Т3(2)612-414.8  |2 rubbk 
700 1 |a Ипполитов  |b Г.  |g Георгий 
801 1 |a RU  |b 63413507  |c 20020411  |g PSBO 
801 2 |a RU  |b 63413507  |c 20070511  |g PSBO 
942 |c BK